Modern gépek a szőrmeüzemben
Elmentve itt :
| Szerző: | |
|---|---|
| Dokumentumtípus: | Cikk |
| Megjelent: |
1962-11-04
|
| Sorozat: | Délmagyarország
52 No. 259 |
| Kulcsszavak: | Szőrme- és Bőrruhakészítő Üzem, Könnyűipar ruhaipar 1962, Ruhaipar fejlesztés 1962 |
| Online Access: | http://dmarchiv.bibl.u-szeged.hu/67324 |
| LEADER | 00537nab a2200157 i 4500 | ||
|---|---|---|---|
| 001 | delm67324 | ||
| 005 | 20180927153803.0 | ||
| 008 | 180927s1962 hu o 0|| hun d | ||
| 040 | |a SZTE Délmagyarország Archívum |b hun | ||
| 041 | |a hun | ||
| 100 | 1 | |a Nikolényi Árpád | |
| 245 | 1 | 0 | |a Modern gépek a szőrmeüzemben |h [elektronikus dokumentum] / |c Nikolényi Árpád |
| 260 | |c 1962-11-04 | ||
| 300 | |a 5 | ||
| 490 | 0 | |a Délmagyarország |v 52 No. 259 | |
| 695 | |a Szőrme- és Bőrruhakészítő Üzem, Könnyűipar ruhaipar 1962, Ruhaipar fejlesztés 1962 | ||